<?xml version="1.0" encoding="UTF-8"?>
<marc:record xmlns:marc="http://www.loc.gov/MARC21/slim">
   <marc:leader>00000nam a2200000 a 4500</marc:leader>
   <marc:datafield ind1="1" ind2=" " tag="100">
      <marc:subfield code="a">Valentin, Karl</marc:subfield>
      <marc:subfield code="4">aut</marc:subfield>
      <marc:subfield code="e">Verfasser/-in</marc:subfield>
   </marc:datafield>
   <marc:datafield ind1="0" ind2="0" tag="245">
      <marc:subfield code="a">Semmelknödel</marc:subfield>
   </marc:datafield>
   <marc:datafield ind1="0" ind2="0" tag="245">
      <marc:subfield code="b">die anderen Sprachclownerien</marc:subfield>
   </marc:datafield>
   <marc:datafield ind1=" " ind2="1" tag="264">
      <marc:subfield code="b">DerHörVerlag</marc:subfield>
      <marc:subfield code="c">2001</marc:subfield>
   </marc:datafield>
   <marc:datafield ind1="1" ind2=" " tag="520">
      <marc:subfield code="a">Ein Semmelknödel, zwei Semmelknödel - oder doch zwei Semmelknödeln? Und wie lautet dann die Mehrzahl von Kartoffelknödel? Diesen und anderen Spitzfindigkeiten der deutschen Sprache geht Karl Valentin in den hier publizierten Tonaufnahmen nach und verwirrt dabei nicht nur seine kongeniale Partnerin Liesl Karlstadt.  Timm Klein, Paul Morgan, Max Halbe und Alfred Kerr waren sich einig: "Ein königlich- bayerisches Sommergespenst" war dieser Karl Valentin, ein "Freudenfest des Auges und Ohres." Roda Roda forderte: "Gebt ihm den Nobelpreis der Komik, des Humors."</marc:subfield>
   </marc:datafield>
   <marc:datafield ind1=" " ind2=" " tag="020">
      <marc:subfield code="a">9783895845598</marc:subfield>
      <marc:subfield code="9">9783895845598</marc:subfield>
   </marc:datafield>
</marc:record>
